000 00340nam a22001577a 4500
003 SGT
082 _a611
_bR14W
100 _aWAUGH, ANNE
245 _aROSS AND WILSON ANATOMY & PHYSIOLOGY
250 _a12TH
260 _aNEW DELHI
_bELSEVIER
_c2017
300 _a509
650 _aPHARMACY
653 _aANATOMY
942 _2ddc
_cBK
_0147
999 _c13633
_d13633